[Event "Las Vegas USA, 32nd North American Open"]
[Site "Las Vegas USA"]
[Date "2022.12.27"]
[Round "3"]
[White "Pesterev, Kirill"]
[Black "Kaufman, Raymond"]
[Result "0-1"]
[WhiteElo "1923"]
[BlackElo "2174"]
[PlyCount "40"]
[GameId "2130307565937822"]
[EventDate "2022.12.26"]
[EventType "swiss"]
[EventRounds "9"]
[EventCountry "USA"]
[SourceTitle "10 Days #710"]
[Source "ChessMix "]
[SourceDate "2023.01.10"]
[SourceVersion "1"]
[SourceVersionDate "2023.01.10"]
[SourceQuality "1"]

1. e4 e5 2. Nf3 d6 3. d4 exd4 4. Nxd4 Nf6 5. Nc3 a6 6. Bc4 b5 7. Bb3 c5 8. Ndxb5 axb5 9. Nxb5 Ba6 10. Nc3 Be7 11. Qf3 Nbd7 12. Nd5 O-O 13. Bf4 c4 14. Ba4 Nxd5 15. Bc6 Nxf4 16. Bxa8 Qa5+ 17. c3 Nd3+ 18. Kd2 N7e5 19. Qh5 g6 20. Qh6 Bg5+ 0-1

[Event "Las Vegas USA, 32nd North American Open"]
[Site "Las Vegas USA"]
[Date "2022.12.28"]
[Round "5"]
[White "Wang, Jeffery"]
[Black "Kaufman, Raymond"]
[Result "0-1"]
[WhiteElo "1953"]
[BlackElo "2174"]
[PlyCount "118"]
[GameId "2130307565946048"]
[EventDate "2022.12.26"]
[EventType "swiss"]
[EventRounds "9"]
[EventCountry "USA"]
[SourceTitle "10 Days #710"]
[Source "ChessMix "]
[SourceDate "2023.01.10"]
[SourceVersion "1"]
[SourceVersionDate "2023.01.10"]
[SourceQuality "1"]

1. e4 c6 2. d4 d5 3. exd5 cxd5 4. Bd3 Nc6 5. c3 Qc7 6. h3 Nf6 7. Ne2 e5 8. dxe5 Nxe5 9. Bb5+ Bd7 10. Bxd7+ Qxd7 11. O-O Bc5 12. Bf4 Ng6 13. Bh2 O-O 14. Nd2 Rfe8 15. Nb3 Bb6 16. Ned4 Ne4 17. a4 a6 18. a5 Bc7 19. Bxc7 Qxc7 20. Nf5 Rad8 21. Nbd4 Nf4 22. Qg4 g6 23. Ne3 h5 24. Qd1 Qe5 25. Nf3 Qf6 26. Ra4 Qe7 27. Re1 Qc7 28. Qd4 Nxf2 29. Kxf2 Re4 30. Qd1 Rxa4 31. Qxa4 Nd3+ 32. Kf1 Nxe1 33. Kxe1 Qc5 34. Kd2 f5 35. Qd4 Qd6 36. Qh4 Re8 37. Qg5 f4 38. Qxd5+ Re6 39. Qxd6 fxe3+ 40. Ke2 Rxd6 41. Kxe3 Rd1 42. b4 Kf7 43. Ke2 Rc1 44. Kd2 Ra1 45. Ke3 Ke6 46. Ke4 Rc1 47. Nd4+ Kd6 48. Ne2 Re1 49. Kd3 Ke5 50. Kd2 Rf1 51. Ke3 g5 52. Nd4 g4 53. hxg4 hxg4 54. g3 Kd5 55. Kd3 Rd1+ 56. Ke3 Kc4 57. Ne2 Rf1 58. Kd2 Rf3 59. Kc2 Rd3 0-1

[Event "Las Vegas USA, 32nd North American Open"]
[Site "Las Vegas USA"]
[Date "2022.12.28"]
[Round "6"]
[White "Kaufman, Raymond"]
[Black "Shawkat, Saif"]
[Result "1/2-1/2"]
[WhiteElo "2174"]
[BlackElo "1938"]
[PlyCount "131"]
[GameId "2130307565946056"]
[EventDate "2022.12.26"]
[EventType "swiss"]
[EventRounds "9"]
[EventCountry "USA"]
[SourceTitle "10 Days #710"]
[Source "ChessMix "]
[SourceDate "2023.01.10"]
[SourceVersion "1"]
[SourceVersionDate "2023.01.10"]
[SourceQuality "1"]

1. d4 Nf6 2. c4 g6 3. Nc3 Bg7 4. e4 d6 5. Nf3 O-O 6. h3 e5 7. d5 Na6 8. Bg5 c6 9. Nd2 Qb6 10. Rb1 Bd7 11. Be2 Rac8 12. O-O h6 13. Be3 Qd8 14. dxc6 bxc6 15. b4 c5 16. a3 Nh7 17. Nb3 cxb4 18. axb4 Nxb4 19. Qxd6 Nc2 20. Bxa7 Be6 21. Qxd8 Rfxd8 22. Bb6 Re8 23. Nd5 Ng5 24. Nc7 Re7 25. h4 Nxe4 26. Bd3 Nc3 27. Nxe6 Rxe6 28. Nc5 Rec6 29. Rb3 Nd4 30. Rxc3 Rxb6 31. Ne4 f5 32. c5 Rbc6 33. Bc4+ Kf8 34. Nd6 R8c7 35. Rb1 Rxc5 36. Rb8+ Ke7 37. Ne8 Rc8 38. Rxc8 Rxc8 39. Nxg7 Ne2+ 40. Bxe2 Rxc3 41. Bb5 Rc8 42. h5 Rg8 43. Ne6 gxh5 44. Nc5 Kd6 45. Nd3 Kd5 46. Bd7 Rf8 47. f4 e4 48. Ne5 Kd4 49. Kf2 e3+ 50. Ke2 Rg8 51. Bc6 Rb8 52. Nf3+ Kc5 53. Bd7 Rb2+ 54. Kxe3 Rxg2 55. Bxf5 Kd6 56. Nh4 Rg1 57. Ng6 Rh1 58. Be4 Re1+ 59. Kd4 Ke6 60. Ne5 Rf1 61. Nf3 h4 62. f5+ Kf6 63. Nxh4 Rf4 64. Ng6 Rxf5 65. Bxf5 Kxf5 66. Nh4+ 1/2-1/2

[Event "Las Vegas USA, 32nd North American Open"]
[Site "Las Vegas USA"]
[Date "2022.12.29"]
[Round "7"]
[White "Onley, David E"]
[Black "Kaufman, Raymond"]
[Result "1/2-1/2"]
[WhiteElo "2031"]
[BlackElo "2174"]
[PlyCount "47"]
[GameId "2130307565946082"]
[EventDate "2022.12.26"]
[EventType "swiss"]
[EventRounds "9"]
[EventCountry "USA"]
[SourceTitle "10 Days #710"]
[Source "ChessMix "]
[SourceDate "2023.01.10"]
[SourceVersion "1"]
[SourceVersionDate "2023.01.10"]
[SourceQuality "1"]

1. e4 e6 2. d4 d5 3. Nd2 c5 4. Ngf3 cxd4 5. exd5 Qxd5 6. Bc4 Qd6 7. O-O Nf6 8. Nb3 Nc6 9. Nbxd4 Nxd4 10. Nxd4 Be7 11. Nb5 Qc6 12. Qe2 a6 13. Bf4 O-O 14. Nd4 Qc5 15. Rad1 b5 16. Bb3 Bb7 17. Rfe1 Rfd8 18. c3 Bd5 19. Bxd5 Rxd5 20. Nb3 Qc6 21. Rxd5 Nxd5 22. Qf3 Rc8 23. Be5 Bf8 24. h4 1/2-1/2

[Event "Las Vegas USA, 32nd North American Open"]
[Site "Las Vegas USA"]
[Date "2022.12.29"]
[Round "8"]
[White "Kaufman, Raymond"]
[Black "Lee, Linden"]
[Result "0-1"]
[WhiteElo "2174"]
[BlackElo "2026"]
[PlyCount "227"]
[GameId "2130307565950186"]
[EventDate "2022.12.26"]
[EventType "swiss"]
[EventRounds "9"]
[EventCountry "USA"]
[SourceTitle "10 Days #710"]
[Source "ChessMix "]
[SourceDate "2023.01.10"]
[SourceVersion "1"]
[SourceVersionDate "2023.01.10"]
[SourceQuality "1"]

1. d4 Nf6 2. c4 g6 3. Nc3 Bg7 4. e4 d6 5. Nf3 O-O 6. h3 e5 7. d5 Nh5 8. g3 Na6 9. Bg2 f5 10. Rb1 Nc5 11. Ng5 f4 12. g4 Qxg5 13. Bf3 Ng3 14. fxg3 Qe7 15. b4 Na6 16. O-O h5 17. Kg2 fxg3 18. Kxg3 Bd7 19. Be3 Rf4 20. Ne2 Qg5 21. Qd2 hxg4 22. hxg4 Rxg4+ 23. Bxg4 Qxg4+ 24. Kh2 Kh7 25. Rh1 Rf8 26. Ng3 Rf3 27. Kg2+ Kg8 28. Bf2 Ba4 29. Rbe1 Rf4 30. Qe2 Qxe2 31. Rxe2 b6 32. b5 Nb4 33. Re3 Nc2 34. Rc3 Nd4 35. Ra3 Bc2 36. Rxa7 Rf7 37. Ra8+ Bf8 38. Be3 g5 39. Bxg5 Ne2 40. Nxe2 Bxe4+ 41. Kg1 Bxh1 42. Kxh1 Rh7+ 43. Kg2 Rg7 44. Rc8 Rxg5+ 45. Kf3 Rf5+ 46. Ke4 Rf2 47. Ke3 Rf7 48. Ng3 Kh7 49. Re8 Bh6+ 50. Ke2 Bg5 51. Ne4 Bh6 52. Re6 Rf4 53. Nf6+ Kh8 54. Re8+ Kg7 55. Nh5+ Kf7 56. Rh8 Re4+ 57. Kf3 Re3+ 58. Kg4 Kg6 59. Rg8+ Kf7 60. Rc8 Kg6 61. Ng3 Bf4 62. Nf5 Re1 63. Ne7+ Kf6 64. Nc6 Rg1+ 65. Kf3 Rc1 66. Rxc7 Rxc4 67. Rd7 Rc3+ 68. Ke2 e4 69. a4 Rc2+ 70. Kd1 Rd2+ 71. Ke1 Rxd5 72. a5 Bd2+ 73. Ke2 Bxa5 74. Ke3 Ke6 75. Re7+ Kf5 76. Nd4+ Kf6 77. Re6+ Kf7 78. Rxe4 Bc3 79. Ne2 Bd2+ 80. Kf3 Rf5+ 81. Kg4 Rxb5 82. Nd4 Rg5+ 83. Kf3 Bc3 84. Ne2 Rc5 85. Re3 Be5 86. Ra3 Ke6 87. Ke3 Kd5 88. Rb3 Kc6 89. Rb4 b5 90. Rg4 Rc2 91. Rg8 Ra2 92. Rb8 Ra3+ 93. Ke4 Ra4+ 94. Kd3 Kc5 95. Rc8+ Kd5 96. Rb8 Ra3+ 97. Kc2 Kc6 98. Nc1 Bd4 99. Nd3 Bc5 100. Kd2 Ra4 101. Rc8+ Kd5 102. Rh8 Ra2+ 103. Kd1 Kc4 104. Nc1 Rg2 105. Rh4+ Kd5 106. Nd3 Kc6 107. Rh8 Be3 108. Ke1 Kd5 109. Rh3 Rd2 110. Rh5+ Kc4 111. Nc1 Rd5 112. Rh4+ Rd4 113. Rxd4+ Kxd4 114. Ne2+ 0-1

[Event "SPICE Cup op"]
[Site "Chesterfield USA"]
[Date "2022.12.22"]
[Round "8.31"]
[White "Kaufman, Raymond"]
[Black "Van Meter, L."]
[Result "1-0"]
[WhiteElo "2174"]
[BlackElo "1852"]
[PlyCount "79"]
[GameId "2130307566372798"]
[EventDate "2022.12.18"]
[EventType "swiss"]
[EventRounds "9"]
[EventCountry "USA"]
[SourceTitle "The Week in Chess 1470"]
[Source "Mark Crowther"]
[SourceDate "2023.01.09"]
[SourceVersion "1"]
[SourceVersionDate "2023.01.09"]
[SourceQuality "2"]

1. d4 c5 2. d5 Nf6 3. Nc3 g6 4. e4 d6 5. Bb5+ Bd7 6. a4 Bg7 7. Nf3 O-O 8. h3 Bxb5 9. axb5 Nbd7 10. O-O a6 11. bxa6 Rxa6 12. Rxa6 bxa6 13. Qd3 Qb6 14. b3 Qb4 15. Bd2 c4 16. bxc4 Rc8 17. Ra1 Nc5 18. Qe2 Nfd7 19. Rb1 Qa3 20. Qe3 Ne5 21. Nxe5 Bxe5 22. f4 Bg7 23. e5 dxe5 24. fxe5 Na4 25. Rb3 Qa1+ 26. Rb1 Qa3 27. Ne4 Qxe3+ 28. Bxe3 Bxe5 29. c5 f5 30. Rb4 Nb2 31. Ng5 Nd1 32. Bd4 Bxd4+ 33. Rxd4 Ne3 34. d6 exd6 35. cxd6 Nxc2 36. d7 Rd8 37. Rd2 Nb4 38. Ne6 Nc6 39. Nxd8 Nxd8 40. Re2 1-0

[Event "SPICE Cup op"]
[Site "Chesterfield USA"]
[Date "2022.12.23"]
[Round "9.26"]
[White "Andersen, Gunnar"]
[Black "Kaufman, Raymond"]
[Result "1/2-1/2"]
[WhiteElo "2244"]
[BlackElo "2174"]
[PlyCount "138"]
[GameId "2130307566372821"]
[EventDate "2022.12.18"]
[EventType "swiss"]
[EventRounds "9"]
[EventCountry "USA"]
[SourceTitle "The Week in Chess 1470"]
[Source "Mark Crowther"]
[SourceDate "2023.01.09"]
[SourceVersion "1"]
[SourceVersionDate "2023.01.09"]
[SourceQuality "2"]

1. e4 e6 2. d4 d5 3. e5 c5 4. c3 Nc6 5. Nf3 Bd7 6. Be2 Qb6 7. O-O Nh6 8. dxc5 Bxc5 9. b4 Be7 10. c4 Nxb4 11. a3 Nc6 12. cxd5 exd5 13. Nc3 d4 14. Rb1 Qd8 15. Nxd4 Nxd4 16. Qxd4 Bc6 17. Qf4 O-O 18. Rd1 Qc8 19. Qg3 Qe6 20. Bc4 Qg4 21. Bxh6 Qxg3 22. hxg3 gxh6 23. e6 fxe6 24. Bxe6+ Kg7 25. a4 Bc5 26. Rb2 Rad8 27. Bd5 Rf5 28. Bxc6 Rxd1+ 29. Nxd1 bxc6 30. Rc2 Kf7 31. Kf1 Ke6 32. Nb2 Kd5 33. Nd3 Bd6 34. Ke2 c5 35. f4 h5 36. Kf3 Rf8 37. Rd2 Kc6 38. Ke4 Re8+ 39. Ne5+ Bxe5 40. fxe5 c4 41. Kf5 Kc5 42. e6 c3 43. Rd7 a5 44. Rc7+ Kd4 45. Rd7+ Kc5 46. Rc7+ Kd6 47. Rxc3 Rxe6 48. Rd3+ Ke7 49. Rd5 Rg6 50. Rxa5 Rxg3 51. Re5+ Kd6 52. Re2 Ra3 53. Kg5 Rxa4 54. Kxh5 Kd5 55. Re7 Ra2 56. g4 Rh2+ 57. Kg5 Kd6 58. Re4 Kd5 59. Re1 Kd6 60. Kf6 Rf2+ 61. Kg5 Rh2 62. Re8 Kd7 63. Re4 Kd6 64. Kf6 Kd5 65. Re5+ Kd6 66. Ra5 h6 67. Ra6+ Kd7 68. Ra7+ Kd6 69. Kg6 Rh4 1/2-1/2

[Event "Hollywood Masters"]
[Site "Los Angeles USA"]
[Date "2022.10.26"]
[Round "1.21"]
[White "Woodward, Andy"]
[Black "Kaufman, Raymond"]
[Result "1-0"]
[WhiteElo "2454"]
[BlackElo "2202"]
[PlyCount "97"]
[GameId "2130307568510887"]
[EventDate "2022.10.26"]
[EventType "swiss"]
[EventRounds "9"]
[EventCountry "USA"]
[SourceTitle "10 Days #703"]
[Source "ChessMix "]
[SourceDate "2022.11.01"]
[SourceVersion "1"]
[SourceVersionDate "2022.11.01"]
[SourceQuality "1"]

1. d4 Nf6 2. c4 g6 3. g3 Bg7 4. Bg2 O-O 5. Nc3 d6 6. Nf3 c5 7. O-O Nc6 8. d5 Na5 9. Nd2 a6 10. Rb1 b5 11. cxb5 axb5 12. b4 Nb7 13. a3 Bf5 14. e4 Bg4 15. Qe1 cxb4 16. axb4 Qd7 17. Bb2 Rfc8 18. f3 Bh3 19. Qe2 Bxg2 20. Kxg2 e6 21. Qd3 exd5 22. exd5 h5 23. h4 Qf5 24. Nde4 Rc4 25. Nxb5 Nxe4 26. Bxg7 Nxg3 27. Qxc4 Nxf1 28. Rxf1 Kxg7 29. Rf2 Ra1 30. Qc3+ Qf6 31. Qxf6+ Kxf6 32. Rc2 Rb1 33. Rc7 Nd8 34. Rd7 Rxb4 35. Nxd6 Rb8 36. Kg3 Ra8 37. Kf2 Rb8 38. Ke3 Ra8 39. Ke4 Ra4+ 40. Kd3 Ra8 41. f4 Rb8 42. Kc4 Rb1 43. Ne8+ Kf5 44. Rxd8 Kxf4 45. d6 g5 46. hxg5 h4 47. Nf6 h3 48. Rh8 Rd1 49. d7 1-0

[Event "Titled Tuesday 2022.10.04 Late"]
[Site "chess.com INT"]
[Date "2022.10.04"]
[Round "3"]
[White "Luxama, Jacques Muller"]
[Black "Kaufman, Raymond"]
[Result "0-1"]
[WhiteElo "1933"]
[BlackElo "2202"]
[PlyCount "66"]
[GameId "2130307569727746"]
[EventDate "2022.10.04"]
[EventType "swiss (blitz)"]
[EventRounds "11"]
[EventCountry "NET"]
[SourceTitle "The Week in Chess 1457"]
[Source "Mark Crowther"]
[SourceDate "2022.10.10"]
[SourceVersion "1"]
[SourceVersionDate "2022.10.10"]
[SourceQuality "2"]

1. e4 e6 2. Nc3 d5 3. Nf3 Nf6 4. Qe2 Be7 5. d3 c5 6. g3 Nc6 7. Bg2 O-O 8. O-O Nd4 9. Qd1 Nxf3+ 10. Bxf3 d4 11. Ne2 e5 12. Bg2 Nd7 13. f4 Kh8 14. f5 Bg5 15. h4 Bxc1 16. Qxc1 b5 17. a4 bxa4 18. Rxa4 a5 19. b3 Ba6 20. Qd2 Bb5 21. Ra3 a4 22. Rfa1 axb3 23. Rxa8 b2 24. Kh2 Qxa8 25. Rxa8 Rxa8 26. c4 b1=Q 27. cxb5 Nf6 28. b6 Ra2 29. Qc1 Qxb6 30. Ng1 Ng4+ 31. Kh3 Nf2+ 32. Kh2 Nxd3 33. Qc4 Qb2 0-1

[Event "Titled Tuesday 2022.10.04 Late"]
[Site "chess.com INT"]
[Date "2022.10.04"]
[Round "7"]
[White "Kouskoutis, Georgios-Alexandros"]
[Black "Kaufman, Raymond"]
[Result "0-1"]
[WhiteElo "2287"]
[BlackElo "2202"]
[PlyCount "92"]
[GameId "2130307569731942"]
[EventDate "2022.10.04"]
[EventType "swiss (blitz)"]
[EventRounds "11"]
[EventCountry "NET"]
[SourceTitle "The Week in Chess 1457"]
[Source "Mark Crowther"]
[SourceDate "2022.10.10"]
[SourceVersion "1"]
[SourceVersionDate "2022.10.10"]
[SourceQuality "2"]

1. c4 e5 2. g3 Nf6 3. Bg2 c6 4. Nf3 e4 5. Nd4 d5 6. cxd5 Qxd5 7. e3 Na6 8. Nc3 Qe5 9. f4 Qe7 10. O-O g6 11. a3 Bg4 12. Qc2 Bg7 13. b4 h5 14. h3 Bd7 15. Bb2 c5 16. bxc5 Nxc5 17. a4 b6 18. Ba3 Rc8 19. a5 O-O 20. axb6 axb6 21. Rab1 Ra8 22. Bb4 Rfc8 23. Kh2 Qe8 24. Bxc5 bxc5 25. Ndb5 Qe7 26. Nxe4 Nxe4 27. Qxe4 Qxe4 28. Bxe4 Ra2 29. Rf2 c4 30. Nd6 Rc7 31. Kg2 Bf8 32. Rb8 Kg7 33. Ne8+ Bxe8 34. Rxe8 Bb4 35. Bd5 Rxd2 36. Rb8 Rxf2+ 37. Kxf2 Bd2 38. Be4 Re7 39. Bc2 Bxe3+ 40. Kf3 Bd2 41. Rc8 c3 42. g4 h4 43. g5 Re3+ 44. Kg4 Rg3+ 45. Kxh4 Be1 46. Rc7 Rg1# 0-1

[Event "Titled Tuesday 2022.09.13 Late"]
[Site "chess.com INT"]
[Date "2022.09.13"]
[Round "2"]
[White "Kaufman, Raymond"]
[Black "Hambleton, Aman"]
[Result "0-1"]
[WhiteElo "2202"]
[BlackElo "2437"]
[PlyCount "64"]
[GameId "2130307570746546"]
[EventDate "2022.09.13"]
[EventType "swiss (blitz)"]
[EventRounds "11"]
[EventCountry "NET"]
[SourceTitle "The Week in Chess 1454"]
[Source "Mark Crowther"]
[SourceDate "2022.09.19"]
[SourceVersion "1"]
[SourceVersionDate "2022.09.19"]
[SourceQuality "2"]

1. e4 c5 2. Nc3 e6 3. Nf3 Nc6 4. d4 cxd4 5. Nxd4 Qc7 6. Be3 a6 7. g4 b5 8. Nxc6 Qxc6 9. Qd2 Bb7 10. f3 Rc8 11. Bd3 Bc5 12. O-O-O Bxe3 13. Qxe3 Ne7 14. Kb1 Qc5 15. Qd2 d5 16. e5 b4 17. Ne2 Nc6 18. f4 Na5 19. b3 Nc6 20. Rhe1 h5 21. f5 hxg4 22. fxe6 fxe6 23. Bg6+ Kd7 24. Nf4 Qc3 25. Qxc3 bxc3 26. Bf7 Nd8 27. Bg6 Rxh2 28. Rh1 g3 29. Rxh2 gxh2 30. Rh1 Nc6 31. Bf7 Nd4 32. Rxh2 Rf8 0-1

[Event "Titled Tuesday 2022.09.13 Late"]
[Site "chess.com INT"]
[Date "2022.09.13"]
[Round "3"]
[White "Barash, Anton"]
[Black "Kaufman, Raymond"]
[Result "0-1"]
[WhiteElo "2138"]
[BlackElo "2202"]
[PlyCount "68"]
[GameId "2130307570746563"]
[EventDate "2022.09.13"]
[EventType "swiss (blitz)"]
[EventRounds "11"]
[EventCountry "NET"]
[SourceTitle "The Week in Chess 1454"]
[Source "Mark Crowther"]
[SourceDate "2022.09.19"]
[SourceVersion "1"]
[SourceVersionDate "2022.09.19"]
[SourceQuality "2"]

1. e4 c5 2. Nf3 Nc6 3. d4 cxd4 4. Nxd4 Nf6 5. Nc3 e5 6. Ndb5 d6 7. Bg5 a6 8. Na3 b5 9. Nd5 Be7 10. Bxf6 Bxf6 11. c3 O-O 12. Nc2 Bg5 13. a4 Rb8 14. axb5 axb5 15. Ncb4 Nxb4 16. Nxb4 Bb7 17. Nd5 f5 18. Bxb5 fxe4 19. Ra7 Kh8 20. Bc4 Bxd5 21. Qxd5 Qb6 22. Rf7 e3 23. O-O exf2+ 24. Kh1 Rxf7 25. Qxf7 Be3 26. Bd3 Qd8 27. Qh5 Bh6 28. Rxf2 Qe8 29. Qf5 Qg8 30. b4 Bf4 31. g3 Be3 32. Ra2 Rf8 33. Qe4 g6 34. b5 Qxa2 0-1

[Event "Titled Tuesday 2022.09.13 Late"]
[Site "chess.com INT"]
[Date "2022.09.13"]
[Round "4"]
[White "Yi, Richard"]
[Black "Kaufman, Raymond"]
[Result "0-1"]
[WhiteElo "2138"]
[BlackElo "2202"]
[PlyCount "159"]
[GameId "2130307570750723"]
[EventDate "2022.09.13"]
[EventType "swiss (blitz)"]
[EventRounds "11"]
[EventCountry "NET"]
[SourceTitle "The Week in Chess 1454"]
[Source "Mark Crowther"]
[SourceDate "2022.09.19"]
[SourceVersion "1"]
[SourceVersionDate "2022.09.19"]
[SourceQuality "2"]

1. Nf3 Nf6 2. c4 c5 3. Nc3 Nc6 4. g3 d5 5. cxd5 Nxd5 6. Bg2 Nc7 7. O-O e5 8. d3 Be7 9. Rb1 f6 10. a3 Be6 11. Ne4 O-O 12. Be3 b6 13. Bd2 a5 14. Qc2 Qd7 15. Rfc1 a4 16. Be3 Nd5 17. Bd2 Na5 18. Rd1 Kh8 19. Be1 Nb3 20. Nc3 Rfc8 21. e3 Nxc3 22. Bxc3 Bd5 23. Qe2 Qb7 24. Ne1 Bxg2 25. Nxg2 Rd8 26. f4 exf4 27. Nxf4 Bd6 28. Qg4 Bxf4 29. gxf4 Qe7 30. Kf2 Re8 31. Qf3 Rad8 32. e4 Nd4 33. Bxd4 Rxd4 34. Re1 Red8 35. Re3 Qf7 36. Rd1 c4 37. Rd2 Qd7 38. Ke2 cxd3+ 39. Rexd3 Qb5 40. Qe3 Rxd3 41. Rxd3 Qxb2+ 42. Kf3 Rxd3 43. Qxd3 Qb3 44. Ke3 Qxd3+ 45. Kxd3 g5 46. fxg5 fxg5 47. Kd4 h5 48. Ke5 b5 49. Kd6 b4 50. e5 Kg7 51. e6 bxa3 52. e7 a2 53. e8=Q a1=Q 54. Qe7+ Kg6 55. Qe4+ Kf6 56. Qe6+ Kg7 57. Qe7+ Kg6 58. Qe4+ Kf7 59. Qe7+ Kg8 60. Qe8+ Kh7 61. Qxh5+ Kg7 62. Qxg5+ Kh7 63. Qe7+ Kg6 64. Qe8+ Kg5 65. Qe3+ Kg6 66. Qe4+ Kg7 67. Qg4+ Kh7 68. Qh5+ Kg7 69. Qg5+ Kh7 70. Qh5+ Kg7 71. Qg4+ Kh7 72. h4 Qf6+ 73. Kd7 Qf7+ 74. Kd6 Qg6+ 75. Qxg6+ Kxg6 76. Ke5 a3 77. Kf4 a2 78. Kg4 a1=Q 79. h5+ Kh6 80. Kh4 0-1

[Event "Titled Tuesday 2022.09.13 Late"]
[Site "chess.com INT"]
[Date "2022.09.13"]
[Round "5"]
[White "Kaufman, Raymond"]
[Black "Domalchuk-Jonasson, Aleksandr"]
[Result "0-1"]
[WhiteElo "2202"]
[BlackElo "2300"]
[PlyCount "106"]
[GameId "2130307570750736"]
[EventDate "2022.09.13"]
[EventType "swiss (blitz)"]
[EventRounds "11"]
[EventCountry "NET"]
[SourceTitle "The Week in Chess 1454"]
[Source "Mark Crowther"]
[SourceDate "2022.09.19"]
[SourceVersion "1"]
[SourceVersionDate "2022.09.19"]
[SourceQuality "2"]

1. e4 e5 2. Nf3 Nc6 3. Bb5 a6 4. Ba4 Bc5 5. c3 Nf6 6. O-O O-O 7. d4 Bb6 8. Re1 d6 9. h3 h6 10. Bxc6 bxc6 11. dxe5 dxe5 12. Nbd2 Qd3 13. Qe2 Qxe2 14. Rxe2 Re8 15. Nc4 Nd7 16. Be3 f6 17. a4 a5 18. b4 Ba6 19. Nxb6 Nxb6 20. Rd2 Nc4 21. Rd7 Nxe3 22. fxe3 Ra7 23. Nh4 Bc8 24. Rdd1 Be6 25. Kf2 Rea8 26. b5 cxb5 27. axb5 a4 28. Ra3 Rb8 29. Rb1 Ra5 30. Rb4 Bb3 31. Nf5 Raxb5 32. Rxb5 Rxb5 33. Ke2 Kf7 34. Kd2 Rb8 35. g4 Rd8+ 36. Ke2 Bc4+ 37. Ke1 Bb5 38. Ng3 Rd3 39. Kf2 Rd2+ 40. Kf3 Rb2 41. c4 Rb3 42. Ra1 Bc6 43. c5 a3 44. Ne2 Bb5 45. Nc1 Rc3 46. Na2 Rc2 47. Nb4 Rb2 48. Nd5 a2 49. Nxc7 Bc4 50. c6 Rb1 51. Rxa2 Bxa2 52. Nd5 Rc1 53. c7 Bxd5 0-1

[Event "Titled Tuesday 2022.09.13 Late"]
[Site "chess.com INT"]
[Date "2022.09.13"]
[Round "9"]
[White "Kaufman, Raymond"]
[Black "Ekdyshman, Mikhail"]
[Result "0-1"]
[WhiteElo "2202"]
[BlackElo "2264"]
[PlyCount "120"]
[GameId "2130307570759032"]
[EventDate "2022.09.13"]
[EventType "swiss (blitz)"]
[EventRounds "11"]
[EventCountry "NET"]
[SourceTitle "The Week in Chess 1454"]
[Source "Mark Crowther"]
[SourceDate "2022.09.19"]
[SourceVersion "1"]
[SourceVersionDate "2022.09.19"]
[SourceQuality "2"]

1. d4 c5 2. d5 Nf6 3. Nc3 d6 4. e4 g6 5. f4 Bg7 6. Bb5+ Nfd7 7. a4 O-O 8. Nf3 Na6 9. O-O Nc7 10. f5 a6 11. Bc4 Rb8 12. a5 b5 13. axb6 Nxb6 14. Be2 gxf5 15. Qe1 fxe4 16. Qh4 exf3 17. Rxf3 e6 18. Bg5 f6 19. Bh6 f5 20. Qh5 Qe8 21. Rg3 Rf7 22. Bxg7 Rxg7 23. Rxg7+ Kxg7 24. Qg5+ Qg6 25. Qe7+ Qf7 26. Qg5+ Kf8 27. Bh5 Qe7 28. Qh6+ Qg7 29. Qf4 e5 30. Qh4 Bd7 31. Rf1 Kg8 32. g4 f4 33. Ne4 Nbxd5 34. c4 Ne3 35. Nf6+ Kh8 36. Rf3 Rf8 37. g5 Bc6 38. Rh3 Nf5 39. Qg4 Rxf6 40. gxf6 Qxg4+ 41. Bxg4 Nd4 42. f7 Nce6 43. Bxe6 Nxe6 44. Rh6 Nf8 45. Rxd6 Be4 46. Rd8 Kg7 47. Re8 Kxf7 48. Rxe5 Bd3 49. Rxc5 Ne6 50. Rc6 Kf6 51. b3 a5 52. Ra6 Bc2 53. Rb6 a4 54. bxa4 Bxa4 55. c5 Ke5 56. c6 Nc7 57. Rb7 Kd6 58. Rb8 Bxc6 59. Rf8 Ne6 60. Rh8 Be4 0-1

[Event "Titled Tuesday 2022.09.13 Late"]
[Site "chess.com INT"]
[Date "2022.09.13"]
[Round "10"]
[White "Kovacevic, Radmila"]
[Black "Kaufman, Raymond"]
[Result "0-1"]
[WhiteElo "2113"]
[BlackElo "2202"]
[PlyCount "72"]
[GameId "2130307570759053"]
[EventDate "2022.09.13"]
[EventType "swiss (blitz)"]
[EventRounds "11"]
[EventCountry "NET"]
[SourceTitle "The Week in Chess 1454"]
[Source "Mark Crowther"]
[SourceDate "2022.09.19"]
[SourceVersion "1"]
[SourceVersionDate "2022.09.19"]
[SourceQuality "2"]

1. e4 e5 2. d4 exd4 3. Nf3 Nc6 4. Bc4 Nf6 5. e5 d5 6. Bb5 Nd7 7. O-O Be7 8. e6 Nf6 9. Nxd4 O-O 10. Bxc6 bxc6 11. Nxc6 Qd6 12. exf7+ Rxf7 13. Nxe7+ Rxe7 14. Bg5 Ng4 15. g3 Rf7 16. Nc3 c6 17. Kg2 d4 18. h3 Ne5 19. Bf4 Rxf4 20. gxf4 Qg6+ 21. Kh2 Qf5 22. fxe5 dxc3 23. Qd8+ Kf7 24. Qc7+ Bd7 25. e6+ Qxe6 26. Qf4+ Kg8 27. Qg3 cxb2 28. Rg1 Qf6 29. Rad1 Bf5 30. Rd6 Qf8 31. Rxc6 Bg6 32. Rc7 Rb8 33. Rb1 Be4 34. Rxg7+ Qxg7 35. Qxb8+ Kf7 36. Qxb2 Qg2# 0-1

[Event "Titled Tuesday 2022.08.30 Early"]
[Site "chess.com INT"]
[Date "2022.08.30"]
[Round "7"]
[White "Kaufman, Raymond"]
[Black "Filgueiras, Nathan Felipe"]
[Result "0-1"]
[WhiteElo "2202"]
[BlackElo "2358"]
[PlyCount "36"]
[GameId "2130307571367555"]
[EventDate "2022.08.30"]
[EventType "swiss (blitz)"]
[EventRounds "11"]
[EventCountry "NET"]
[SourceTitle "The Week in Chess 1452"]
[Source "Mark Crowther"]
[SourceDate "2022.09.05"]
[SourceVersion "2"]
[SourceVersionDate "2022.09.06"]
[SourceQuality "2"]

1. e4 c5 2. Nc3 e6 3. Nf3 d5 4. exd5 exd5 5. d4 Nf6 6. Bb5+ Bd7 7. O-O Be7 8. dxc5 Bxb5 9. Nxb5 O-O 10. b4 Nc6 11. c3 a5 12. Nbd4 Ne4 13. Bb2 Bf6 14. a3 Ne5 15. Nxe5 Bxe5 16. f3 Qh4 17. f4 Bxf4 18. Nf3 Be3+ 0-1

[Event "Titled Tuesday 2022.08.23 Late"]
[Site "chess.com INT"]
[Date "2022.08.23"]
[Round "2"]
[White "Kaufman, Raymond"]
[Black "Tica, Sven"]
[Result "0-1"]
[WhiteElo "2202"]
[BlackElo "2436"]
[PlyCount "88"]
[GameId "2130307571559471"]
[EventDate "2022.08.23"]
[EventType "swiss (blitz)"]
[EventRounds "11"]
[EventCountry "NET"]
[SourceTitle "The Week in Chess 1451"]
[Source "Mark Crowther"]
[SourceDate "2022.08.29"]
[SourceVersion "1"]
[SourceVersionDate "2022.08.29"]
[SourceQuality "2"]

1. d4 g6 2. c4 Bg7 3. Nf3 d6 4. g3 Nd7 5. Bg2 e5 6. O-O Ne7 7. Nc3 O-O 8. e4 Nc6 9. Bg5 f6 10. Be3 h6 11. Qd2 Kh7 12. Rad1 f5 13. exf5 gxf5 14. dxe5 dxe5 15. Nd5 e4 16. Nd4 Nde5 17. b3 Nxd4 18. Bxd4 c6 19. Nf4 Qe7 20. Nh5 Bh8 21. Qe3 b6 22. c5 b5 23. Rfe1 Qf7 24. Nf4 Ng4 25. Qc3 Bxd4 26. Qxd4 Bb7 27. Qd7 Nf6 28. Qxf5+ Kg8 29. Rd6 Rae8 30. Ng6 Bc8 31. Rxf6 Bxf5 32. Rxf7 Rxf7 33. Nf4 Rd7 34. h3 Rd2 35. g4 Bh7 36. Nh5 Kf7 37. Ng3 Rxa2 38. Bxe4 Bxe4 39. Nxe4 Re6 40. Nd6+ Kf6 41. Ne8+ Ke7 42. Rxe6+ Kxe6 43. Nd6 a5 44. h4 a4 0-1